The Case book of sherlock holmes (Record no. 325858)
[ view plain ]
| 000 -LEADER | |
|---|---|
| fixed length control field | 00321 a2200121 4500 |
| 001 - CONTROL NUMBER | |
| control field | 90785 |
| 082 ## - DEWEY DECIMAL CLASSIFICATION NUMBER | |
| Classification number | 823.8 CON |
| 090 ## - LOCALLY ASSIGNED LC-TYPE CALL NUMBER (OCLC); LOCAL CALL NUMBER (RLIN) | |
| -- | 42958 |
| -- | 42958 |
| 100 ## - MAIN ENTRY--PERSONAL NAME | |
| Personal name | Conan Doyle Arthur |
| 245 ## - TITLE STATEMENT | |
| Title | The Case book of sherlock holmes |
| Statement of responsibility, etc. | Arthur Conan Doyle |
| 260 ## - PUBLICATION, DISTRIBUTION, ETC. | |
| Place of publication, distribution, etc. | New York |
| Name of publisher, distributor, etc. | Bantam Classic |
| Date of publication, distribution, etc. | 1986 |
| 500 ## - GENERAL NOTE | |
| General note | General Collection |
| 942 ## - ADDED ENTRY ELEMENTS (KOHA) | |
| Institution code [OBSOLETE] | CAE NUST |
| Call number prefix | 823.8 CON |
| Withdrawn status | Lost status | Damaged status | Not for loan | Collection code | Permanent Location | Current Location | Date acquired | Total Checkouts | Full call number | Barcode | Date last seen | Price effective from | Koha item type |
|---|---|---|---|---|---|---|---|---|---|---|---|---|---|
| College of Aeronautical Engineering (CAE) | College of Aeronautical Engineering (CAE) | 04/03/2017 | 823.8 CON | CAE86730 | 04/05/2017 | 04/05/2017 | Book |
